Sustainable urban development volume one (Record no. 105011)
[ view plain ]
| 000 -LEADER | |
|---|---|
| fixed length control field | 00996cam a2200241 4500 |
| 001 - CONTROL NUMBER | |
| control field | ##L132082 |
| 008 - FIXED-LENGTH DATA ELEMENTS--GENERAL INFORMATION | |
| fixed length control field | 060103n2005 000 0 eng u |
| 020 ## - INTERNATIONAL STANDARD BOOK NUMBER | |
| International Standard Book Number | 0415322154 |
| 035 ## - SYSTEM CONTROL NUMBER | |
| System control number | (Sirsi) u132082 |
| 041 0# - LANGUAGE CODE | |
| Language code of text/sound track or separate title | eng |
| 050 04 - LIBRARY OF CONGRESS CALL NUMBER | |
| Classification number | 333.714 $2 18 |
| 245 00 - TITLE STATEMENT | |
| Title | Sustainable urban development volume one |
| Remainder of title | the framework and protocols for environmental assessment |
| 260 ## - PUBLICATION, DISTRIBUTION, ETC. | |
| Place of publication, distribution, etc. | Abingdon |
| Name of publisher, distributor, etc. | Routledge |
| Date of publication, distribution, etc. | 2005 |
| 300 ## - PHYSICAL DESCRIPTION | |
| Extent | xiii, 257p. |
| Dimensions | 24cm. |
| 350 ## - PRICE (NR) (BK AM CF MU VM SE) [OBSOLETE] | |
| Price | 27 |
| 520 ## - SUMMARY, ETC. | |
| Summary, etc. | Discusses the objectives of sustainable urban development, sertting out the framework and protocols for an environmental assessment of the construction and use of buildings. The text is divided into four parts the framwork, the protocols, the environmental assessment methods and the assessment community, each of which contains a series of papers. |
| 590 ## - LOCAL NOTE (RLIN) | |
| Local note | IKA310106 |
| 700 1# - ADDED ENTRY--PERSONAL NAME | |
| Personal name | Curwell, Stephen |
| Relator term | Editor |
| 700 1# - ADDED ENTRY--PERSONAL NAME | |
| Personal name | Deakin, Mark |
| Relator term | Editor |
| 700 1# - ADDED ENTRY--PERSONAL NAME | |
| Personal name | Symes, Martin |
| Relator term | Editor |
| 942 ## - ADDED ENTRY ELEMENTS (KOHA) | |
| Suppress in OPAC | 0 |
| Withdrawn status | Lost status | Source of classification or shelving scheme | Damaged status | Not for loan | Home library | Current library | Shelving location | Date acquired | Cost, normal purchase price | Total Checkouts | Full call number | Barcode | Date last seen | Date last checked out | Copy number | Cost, replacement price | Price effective from | Koha item type |
|---|---|---|---|---|---|---|---|---|---|---|---|---|---|---|---|---|---|---|
| Dewey Decimal Classification | London | London | Books | 18/01/2006 | 27.00 | 28 | 333.714 SUS | 30071877 | 06/08/2019 | 11/08/2009 | 1 | 27.00 | 06/08/2019 | Book |